| 000 | 01177nam a22003377a 4500 | ||
|---|---|---|---|
| 003 | CHAP | ||
| 005 | 20220329143838.0 | ||
| 008 | 111216s2006 us a r 00010 eng d | ||
| 010 | _a102708 | ||
| 011 | _a103680 | ||
| 020 | _a9781604690040 | ||
| 035 | _a114369 | ||
| 040 | _cCHAP | ||
| 082 | 0 | 4 |
_a634.96702 _bD63 2006 |
| 100 | 0 | 0 |
_aDirr, Michael A. _932703 |
| 245 | 1 | 4 |
_aThe reference manual of woody plant propagation : _bfrom seed to tissue culture _c/por Michael A. Dirr y Charles W. Heuser, Jr. |
| 250 | _a2 ed. | ||
| 260 |
_aPortland, Oregon : _bTimber Press, _cc2006 |
||
| 300 |
_aix, 410 p. : _bilus., gráfs., tablas |
||
| 590 |
_aBATCH-UPD _b10 _c20130110 _lUCH01 _h1602 |
||
| 590 |
_aBATCH-UPD _b10 _c20130410 _lUCH01 _h0959 |
||
| 590 |
_aBATCH-UPD _b10 _c20130914 _lUCH01 _h1116 |
||
| 590 |
_aCONVERSION _b10 _c20130109 _lUCH01 _h1357 |
||
| 650 | 1 | 4 |
_aCultivo de tejidos. _930213 |
| 650 | 1 | 4 |
_aPlantas leñosas _xPropagación. _989027 |
| 650 | 1 | 4 |
_aPropagación de plantas. _992417 |
| 700 | 0 |
_aHeuser, Charles W., Jr. _955085 |
|
| 901 | _aBK | ||
| 942 | _cLIBRO | ||
| 949 |
_a634.96702 D63 2006 _bBC _cLIBRO _d33724002317975 _eLIBRO _gI.c/e _h116215 _i114369 _sb _t$742.00 |
||
| 999 |
_c102708 _d102708 |
||